| 000 | 01041nac a22002531u 4500 | ||
|---|---|---|---|
| 008 | 100921t xxu||||| |||| 00| 0 eng d | ||
| 010 | _a 2004300210 | ||
| 020 | _a1591840376 | ||
| 035 | _a(OCoLC)ocm54971448 | ||
| 082 | 0 | 4 |
_a658.4036 _bYAM |
| 100 |
_aYamashita, Keith. _919639 |
||
| 245 | 1 | 0 |
_aUnstuck : _bA Tool for Yourself, Your Team, and Your World / _cKeith Yamashita and Sandra Spataro. |
| 260 |
_aNew York : _bPortfolio, _c2004. |
||
| 300 |
_a179 p. : _bill. ; _c19 cm. |
||
| 500 | _aShuaa. | ||
| 504 | _aIncludes bibliographical references (p. 172-173). | ||
| 650 | 0 |
_aTeams in the workplace. _919640 |
|
| 650 | 0 |
_aGroup decision making. _919641 |
|
| 650 | 0 |
_aGroup problem solving. _919642 |
|
| 700 | 1 |
_aSpataro, Sandra. _919643 |
|
| 856 | 4 | 1 |
_3Table of contents _uhttp://www.loc.gov/catdir/toc/fy045/2004300210.html |
| 942 |
_cBB _k658.4036 YAM _2ddc |
||
| 999 |
_c2494 _d2494 |
||